MARC

LEADER 00000nam0a2200000 4500
001 123819
005 20231031130638.0
035 |a (RuTPU)RU\TPU\book\134009 
090 |a 123819 
100 |a 20071024d1984 k y0rusy50 ca 
101 0 |a rus 
102 |a RU 
105 |a a z 001zy 
200 1 |a Растворы и технология промывки скважин  |e сборник научных трудов  |f Всесоюзный научно-исследовательский институт по креплению скважин и буровым растворам (ВНИИКнефть) 
210 |a Краснодар  |c ВНИИКРнефть  |d 1984 
215 |a 138 с.  |c ил. 
320 |a Библиография в конце статей 
610 1 |a растворы 
610 1 |a технология 
610 1 |a промывка 
610 1 |a скважины 
610 1 |a сборники 
675 |a 622.244.4.06  |v 3 
712 0 2 |a Всесоюзный научно-исследовательский институт по креплению скважин и буровым растворам (ВНИИКРнефть)  |c (Краснодар)  |2 stltpush  |3 (RuTPU)RU\TPU\col\11458 
801 1 |a RU  |b 63413507  |c 20071024  |g PSBO 
801 2 |a RU  |b 63413507  |c 20090417  |g PSBO 
942 |c BK